02102 a2200217 45000010006000000050017000060080041000230030015000640400040000790800051001192450041001700200022002112500013002332640042002463000024002885051351003121000030016637000025016937000035017188560131017532434620260407155527.0260407a2014 arg spa dAR-UNSa-BCEJYS aAR-UNSa-BCEJYSbspacAR-UNSa-BCEJYS a336.7xMoneda. Sistema monetario. Banca. Bolsa10aMoneda, banca y mercados financieros a978-607-32-2204-4 a10a. ed. 1aMéxico :bPearson Educaciónc2014 axli, 622 p.c27 cm. a1. ¿Por qué estudiar el dinero, la banca y los mercados financieros - 2. Panorama general del sistema financiero - 3. ¿Qué es el dinero? - 4. Comprensión de las tasas de interés - 5. El comportamiento de las tasas de interés - 6. Las estructuras de riesgo y de plazos de las tazas de interés - 7. La bolsa de valores, las teorías de las expectativas racionales y la hipótesis de los mercados eficientes - 8. Análisis económico de la estructura financiera - 9. Crisis financiera - 10. La banca y la administración de las instituciones financieras - 11. Análisis económico de la regulación financiera - 12. Industria bancaria: estructura y competencia - 13. Los bancos centrales y el sistema de la reserva federal - 14. El proceso de la oferta de dinero - 15. Herramientas de política monetaria - 16. Conducción de la política monetaria: estrategia y tácticas - 17. El mercado de divisas - 18. El sistema financiero internacional - 19. Teoría cuantitativa, inflación y la demanda de dinero - 20. La curva IS - 21. La política monetaria y las curvas de demanda agregada - 22. La curva de Phillips y la curva de oferta agregada a corto plazo - 23. Teoría de la política monetaria - 24. El papel de las expectativas en la política monetaria - 25. Mecanismos de trasmisión de la política monetaria 1 aCampos Olguín, Víctor1 aMishkin, Frederic S.1 aJuárez Valdés, Luis Felipe41uhttps://biblioeco.unsa.edu.ar/pmb/images/libros/Moneda, banca y Mercados Financieros (2014).jpgyImagen de portadaqimage/jpeg